[Event "St Petersburg Korchnoi Memorial op"]
[Site "St Petersburg"]
[Date "2024.08.20"]
[Round "7"]
[White "Khaertynov, Amirkhan"]
[Black "Sitnikov, Matvei Vit"]
[Result "1-0"]
[WhiteElo "1653"]
[BlackElo "1413"]
[PlyCount "45"]
[EventDate "2024.08.17"]
[EventType "swiss"]
[EventRounds "9"]
[EventCountry "RUS"]
[SourceTitle "EXT 2025"]
[Source "ChessBase"]
[SourceDate "2024.10.14"]
[SourceVersion "1"]
[SourceVersionDate "2024.10.14"]
[SourceQuality "1"]

1. e4 c6 2. d4 d5 3. e5 Bf5 4. h4 h5 5. Bd3 Bxd3 6. Qxd3 e6 7. Bg5 Qb6 8. Nd2 c5 9. c4 Nc6 10. Ngf3 Be7 11. Bxe7 Ngxe7 12. 0-0 cxd4 13. cxd5 Nxd5 14. Nc4 Qc7 15. Nd6+ Kf8 16. Nb5 Qb6 17. Nbxd4 Ndb4 18. Qe4 Rd8 19. Rfd1 Ke7 20. Qf4 Nxd4 21. Nxd4 Rxd4 22. Rxd4 Nc2 23. Rd6 1-0